000 00292nam a22001337a 4500
008 170825b xxu||||| |||| 00| 0 eng d
020 _a9780840028167
041 _aeng
080 _24 ED
_a070
100 _a40
101 _aMED
245 _aCOMUNICATE
_cVERDERBER.K.S
942 _2udc
_cBK
999 _c24971
_d24971